Veřejné finance v teorii a praxi. 10.

Pokračovanie 19. kapitoly - Daň z individuálneho dôchodku: vymedzenie zdaniteľného dôchodku. Hlavné zásady a skladba daňovej základne. Vymedzenie dôchodku v praxi USA, výnimky a odpočitateľné položky (hypotečné úroky, charitatívne príspevky atď.).

Gespeichert in:
Bibliographische Detailangaben
1. Verfasser: Musgrave, R.A
Weitere Verfasser: Musgraveová, P.B
Format: Buchkapitel
Sprache:Tschechisch
Schlagworte:
Tags: Tag hinzufügen
Keine Tags, Fügen Sie das erste Tag hinzu!

MARC

LEADER 00000naa a2200000 4500
001 r013595
005 20221205075847.4
041 0 |a cze 
044 |a CZ 
245 1 0 |a Veřejné finance v teorii a praxi. 10.  |c R.A. Musgrave, P.B. Musgraveová 
520 |a Pokračovanie 19. kapitoly - Daň z individuálneho dôchodku: vymedzenie zdaniteľného dôchodku. Hlavné zásady a skladba daňovej základne. Vymedzenie dôchodku v praxi USA, výnimky a odpočitateľné položky (hypotečné úroky, charitatívne príspevky atď.). 
610 2 0 |a financie verejné 
610 2 0 |a dane z príjmov 
610 2 0 |a USA 
610 2 0 |a oslobodenie od daní 
100 1 |a Musgrave, R.A. 
700 1 |a Musgraveová, P.B.